000 00920 a2200229 4500
003 UA-OsUOA
005 20220419111120.0
008 210803b un ||||| |||| 00| 0 ukr d
040 _aUA-OsUOA
_bukr
_cUA-OsUOA
_dUA-OsUOA
041 _aukr
080 _a159.9(082)
090 _a159.9(082)
_bП86
110 _aНаціональний університет "Києво-Могилянська академія"
245 _aПсихологія та психосоціальні інтервенції
_bнауковий журнал
_cгол. ред. В. Чорнобровкін
260 _aК.
_bНАУКМА
_c2020
300 _a78 с.
650 _2UDC
_a159 Психологія
700 1 _aЧорнобровкін В.
_eред.
942 _cBK
_2udc
955 _a1
999 _c571081
_d571081